Vista normal Vista MARC
  • Álvarez Carvajal, Araceli Guadalupe

Entrada Personal Name

Número de registros utilizados en: 0

001 - CONTROL NUMBER

  • control field: 78464

003 - CONTROL NUMBER IDENTIFIER

  • control field: OSt

005 - DATE AND TIME OF LATEST TRANSACTION

  • control field: 20230601153808.0

008 - FIXED-LENGTH DATA ELEMENTS

  • fixed length control field: 230601|| aca||aabn | a|a d

040 ## - CATALOGING SOURCE

  • Original cataloging agency: OSt
  • Transcribing agency: OSt

100 ## - HEADING--PERSONAL NAME

  • Personal name: Álvarez Carvajal, Araceli Guadalupe

670 ## - SOURCE DATA FOUND

  • Source citation: Work cat.: (OSt)1426: Álvarez Carvajal, Araceli Guadalupe , Computación 1: aplicaciones de escritorio y red , 2002